Biblioteki Polonii Amerykańskiej
Biblioteka Instytutu Józefa Piłsudskiego w Ameryce
Library of the Józef Piłsudski Institute of America
Biblioteka imienia Alfreda Jurzykowskiego Polskiego Instytutu Naukowego w Ameryce
The Alfred Jurzykowski Memorial Library of the Polish Institute of Arts & Sciences of America
Biblioteka Marjanczyków Polskiej Fundacji Kulturalnej
The Marjanczyk Library of the Polish Cultural Foundation

Biblioteka Fundacji Kościuszkowskiej
Library of the Kosciuszko Foundation

Holokaust : (Record no. 91083)

MARC details
000 -LEADER
fixed length control field 02594nam a2200697 i 4500
001 - CONTROL NUMBER
control field 991053108208905066
003 - CONTROL NUMBER IDENTIFIER
control field NyNyJPI
005 - DATE AND TIME OF LATEST TRANSACTION
control field 20260408201742.0
008 - FIXED-LENGTH DATA ELEMENTS--GENERAL INFORMATION
fixed length control field 240424s2023 pl bcho |000 0 pol c
009 - PHYSICAL DESCRIPTION FIXED-FIELD FOR ARCHIVAL COLLECTION (VM) [OBSOLETE]
fixed length control field b1000003581299
015 ## - NATIONAL BIBLIOGRAPHY NUMBER
National bibliography number UWD 2024/17464
020 ## - INTERNATIONAL STANDARD BOOK NUMBER
International Standard Book Number 9788396769473
Qualifying information (oprawa miękka ;
-- MGW) :
Terms of availability zł 44
020 ## - INTERNATIONAL STANDARD BOOK NUMBER
International Standard Book Number 9788324240524
Qualifying information (oprawa miękka ;
-- Universitas) :
Terms of availability zł 44
020 ## - INTERNATIONAL STANDARD BOOK NUMBER
Canceled/invalid ISBN 9788396769480
Qualifying information (e-book ;
-- MGW)
020 ## - INTERNATIONAL STANDARD BOOK NUMBER
Canceled/invalid ISBN 9788324267569
Qualifying information (e-book ;
-- Universitas)
035 ## - SYSTEM CONTROL NUMBER
System control number xx005693077
035 ## - SYSTEM CONTROL NUMBER
System control number (PL)b1000003581299
035 ## - SYSTEM CONTROL NUMBER
System control number (EXLNZ-48OMNIS_NETWORK)9914007751205606
040 ## - CATALOGING SOURCE
Original cataloging agency WR O
Transcribing agency WR O
Modifying agency WR O
-- WA N
-- LUBL KUL
-- KR U
-- GD U
-- WA N
-- ZDU_1
-- WA N
045 2# - TIME PERIOD OF CONTENT
Formatted 9999 B.C. through C.E. time period d1933
-- d1945
046 ## - SPECIAL CODED DATES
Beginning or single date created 2023
080 ## - UNIVERSAL DECIMAL CLASSIFICATION NUMBER
Universal Decimal Classification number 94(100)"1939/1945":341.322.5
084 ## - OTHER CLASSIFICATION NUMBER
Classification number 01
100 1# - MAIN ENTRY--PERSONAL NAME
Personal name Szuchta, Robert
Dates associated with a name (1962- )
Relator term Autor
245 00 - TITLE STATEMENT
Title Holokaust :
Remainder of title (nie)odrobiona lekcja historii /
Statement of responsibility, etc. Robert Szuchta, Piotr Trojański.
260 ## - PUBLICATION, DISTRIBUTION, ETC.
Place of publication, distribution, etc. Kraków :
Name of publisher, distributor, etc. Towarzystwo Autorów i Wydawców Prac Naukowych Universitas ;
Place of publication, distribution, etc. Warszawa :
Name of publisher, distributor, etc. Muzeum Getta Warszawskiego,
Date of publication, distribution, etc. 2023.
300 ## - PHYSICAL DESCRIPTION
Extent 503, [1] strona :
Other physical details faksymilia, fotografie, ilustracje, mapy, portrety, errata ;
Dimensions 24 cm.
336 ## - CONTENT TYPE
Content type term Tekst
Content type code txt
Source rdacontent
337 ## - MEDIA TYPE
Media type term Bez urządzenia pośredniczącego
Media type code n
Source rdamedia
338 ## - CARRIER TYPE
Carrier type term Wolumin
Carrier type code nc
Source rdacarrier
380 ## - FORM OF WORK
Form of work Książki
380 ## - FORM OF WORK
Form of work Publikacje dydaktyczne
380 ## - FORM OF WORK
Form of work Publikacje naukowe
385 ## - AUDIENCE CHARACTERISTICS
Audience term Nauczycielki i nauczyciele
385 ## - AUDIENCE CHARACTERISTICS
Demographic group term Poziom nauczania
Audience term Szkoły średnie
385 ## - AUDIENCE CHARACTERISTICS
Demographic group term Poziom nauczania
Audience term Szkoły wyższe
388 1# - TIME PERIOD OF CREATION
Time period of creation term 2001-
504 ## - BIBLIOGRAPHY, ETC. NOTE
Bibliography, etc. note Bibliografie przy części rozdziałów.
536 ## - FUNDING INFORMATION NOTE
Text of note Współfinansowanie: Minister Kultury i Dziedzictwa Narodowego
648 #7 - SUBJECT ADDED ENTRY--CHRONOLOGICAL TERM
Chronological term 1901-2000
Source of heading or term DBN
648 #7 - SUBJECT ADDED ENTRY--CHRONOLOGICAL TERM
Chronological term 1918-1939
Source of heading or term DBN
648 #7 - SUBJECT ADDED ENTRY--CHRONOLOGICAL TERM
Chronological term 1939-1945
Source of heading or term DBN
650 #7 - SUBJECT ADDED ENTRY--TOPICAL TERM
Topical term or geographic name entry element II wojna światowa (1939-1945)
Source of heading or term DBN
650 #7 - SUBJECT ADDED ENTRY--TOPICAL TERM
Topical term or geographic name entry element Antysemityzm
Source of heading or term DBN
650 #7 - SUBJECT ADDED ENTRY--TOPICAL TERM
Topical term or geographic name entry element Getta żydowskie
Source of heading or term DBN
650 #7 - SUBJECT ADDED ENTRY--TOPICAL TERM
Topical term or geographic name entry element Holokaust
Source of heading or term DBN
650 #7 - SUBJECT ADDED ENTRY--TOPICAL TERM
Topical term or geographic name entry element Niemieckie nazistowskie obozy koncentracyjne
Source of heading or term DBN
650 #7 - SUBJECT ADDED ENTRY--TOPICAL TERM
Topical term or geographic name entry element Pogromy Żydów
Source of heading or term DBN
650 #7 - SUBJECT ADDED ENTRY--TOPICAL TERM
Topical term or geographic name entry element Żydzi
Source of heading or term DBN
650 #0 - SUBJECT ADDED ENTRY--TOPICAL TERM
Topical term or geographic name entry element Antisemitism
Form subdivision Textbooks.
650 #0 - SUBJECT ADDED ENTRY--TOPICAL TERM
Topical term or geographic name entry element Holocaust, Jewish (1939-1945)
Form subdivision Textbooks.
651 #7 - SUBJECT ADDED ENTRY--GEOGRAPHIC NAME
Geographic name Europa
Source of heading or term DBN
651 #7 - SUBJECT ADDED ENTRY--GEOGRAPHIC NAME
Geographic name Niemcy
Source of heading or term DBN
655 #7 - INDEX TERM--GENRE/FORM
Genre/form data or focus term Podręcznik
Source of term DBN
658 ## - INDEX TERM--CURRICULUM OBJECTIVE
Main curriculum objective Historia
700 1# - ADDED ENTRY--PERSONAL NAME
Personal name Szuchta, Robert
Dates associated with a name (1962- )
Relator term Autor
700 1# - ADDED ENTRY--PERSONAL NAME
Personal name Trojański, Piotr
Dates associated with a name (1968- )
Relator term Autor
710 2# - ADDED ENTRY--CORPORATE NAME
Corporate name or jurisdiction name as entry element Muzeum Getta Warszawskiego
Relator term Wydawca
Relationship pbl
710 2# - ADDED ENTRY--CORPORATE NAME
Corporate name or jurisdiction name as entry element Towarzystwo Autorów i Wydawców Prac Naukowych Universitas
Relator term Wydawca
Relationship pbl
942 ## - ADDED ENTRY ELEMENTS (KOHA)
Source of classification or shelving scheme Other/Generic Classification Scheme
Koha item type Books
Suppress in OPAC No
Holdings
Withdrawn status Lost status Source of classification or shelving scheme Damaged status Not for loan Home library Current library Date acquired Total checkouts Full call number Date last seen Price effective from Koha item type
    Other/Generic Classification Scheme   Not for loan Józef Piłsudski Institute Józef Piłsudski Institute 04/08/2026   K 1820 04/08/2026 04/08/2026 Books